000 007060000a22001690004500
001 old000795
003 AR-NuBCU
008 070307s1985||||########|####|0||0||Es#u
082 _aDONADO UNIVERSIDAD EN EL 2014
100 1 _aScheinfeld, Daniel
245 _aBanco de datos del derecho civil: contratos. Resúmenes, sintematizados y ordenados de fallos con indicación de doctrinaa. Disposiciones legales y jurisprudencia. Area de registros acumulados: Tribunales de Cap. Fed., Bs. As., Sta. Fe, E. Ríos, Cba., Tucumán, Salta, Jujuy, Mendoza, S. Juan. Ciclo computado 1977-1984
260 _aRosario :
_bZeus,
_c1985
300 _av.I
_b23 cm
500 _a002649
653 _aCONTRATOS>
942 _2ddc
_cBK
999 _c790
_d790